| 000 | 00628nam a22002177a 4500 | ||
|---|---|---|---|
| 003 | LK-CoMWRAF | ||
| 005 | 20240315130911.0 | ||
| 008 | 240311b1982 |||||||| |||| 00| 0 eng d | ||
| 022 | _a06497541 | ||
| 040 |
_aLK-CoMWRAF _dLK-CoMWRAF _eLK-CoMWRAF |
||
| 041 | _aeng | ||
| 082 |
_a294.38 _bBUD |
||
| 245 |
_aBuddhist stories from the Dhammapada commentary: _bPart 1 |
||
| 260 |
_aKandy: _bBuddhist publication society, _c1982 |
||
| 300 | _avi.,101 p. | ||
| 490 |
_aThe wheel publication _vNo. 287/288/289 |
||
| 650 | _aDHAMMAPADA STORIES | ||
| 650 | _aBuddhist literature | ||
| 700 |
_aBurlingame, E.W. _etrans. |
||
| 942 | _cBK | ||
| 999 |
_c4859 _d4859 |
||